[Event "Open d'Aubagne 2017-2018"]
[Site "Aubagne"]
[Date "2017.09.30"]
[Round "1.25"]
[White "Coppel, Victor"]
[Black "Pentcheff, Laura"]
[Result "0-1"]
[WhiteElo "1094"]
[BlackElo "1360"]
[PlyCount "104"]
[EventDate "2017.??.??"]
[WhiteTeam "L'Echiquier du Roy René"]
[BlackTeam "Cassis Echecs"]

1. e4 d6 2. d4 Nf6 3. Nc3 g6 4. Bc4 Bg7 5. Nf3 O-O 6. h3 c6 7. Qe2 b5 8. Bb3 a5
9. a3 Bb7 10. O-O Ba6 11. Nd1 b4 12. Bc4 Bxc4 13. Qxc4 bxa3 14. bxa3 Nxe4 15.
Rb1 d5 16. Qe2 Nd7 17. Qe1 c5 18. Be3 Qc7 19. c3 Rab8 20. Nb2 Rb3 21. Na4 Rxa3
22. Ra1 Rxa1 23. Qxa1 Rb8 24. Qc1 Rb3 25. c4 cxd4 26. Nxd4 Bxd4 27. Bxd4 Qxc4
28. Qxc4 dxc4 29. Re1 c3 30. Nxc3 Nxc3 31. Rxe7 Kf8 32. Rxd7 Ne2+ 33. Kf1 Nxd4
34. Rxd4 Ra3 35. Ke1 Ke7 36. Kd1 Ra2 37. Rd2 Ra1+ 38. Kc2 Ra2+ 39. Kc1 Rxd2 40.
Kxd2 Kd6 41. Kc3 Kc5 42. Kb3 a4+ 43. Kxa4 Kd4 44. Kb3 Kd3 45. Kb2 Ke2 46. Kc3
Kxf2 47. Kd4 Kxg2 48. Ke5 Kxh3 49. Kf6 h5 50. Kxf7 Kg4 51. Kxg6 h4 52. Kf6 h3
0-1

[Event "Open d'Aubagne 2017-2018"]
[Site "Aubagne"]
[Date "2017.09.30"]
[Round "1.26"]
[White "Strate, Francois"]
[Black "Bartolini, Manuela"]
[Result "1-0"]
[WhiteElo "1359"]
[BlackElo "1089"]
[PlyCount "171"]
[EventDate "2017.??.??"]
[WhiteTeam "Sanary Echecs"]
[BlackTeam "Cercle d'Echecs Aubagnais"]

1. d4 Nf6 2. c4 e6 3. Nc3 d6 4. Bg5 Nbd7 5. e3 Be7 6. Bd3 h6 7. Bxf6 Bxf6 8.
Nf3 a5 9. O-O Nf8 10. Re1 Bd7 11. Rc1 Nh7 12. e4 Ng5 13. Nxg5 Bxg5 14. Rc2 Qf6
15. e5 Qe7 16. Nd5 Qd8 17. Nc3 Qc8 18. Ne4 Ba4 19. b3 Bc6 20. exd6 Bxe4 21.
Bxe4 c6 22. d5 Qd7 23. dxe6 fxe6 24. Bg6+ Kd8 25. Bh5 Rf8 26. Rce2 Rf6 27. Bg4
Bf4 28. Bxe6 Qxd6 29. Qxd6+ Bxd6 30. Rd1 Kc7 31. Bg4 b5 32. c5 Rd8 33. cxd6+
Rdxd6 34. Rxd6 Rxd6 35. Re7+ Kb6 36. Rxg7 a4 37. bxa4 bxa4 38. Re7 Rd4 39. Bf3
Rc4 40. g3 Rc1+ 41. Kg2 c5 42. Re6+ Ka5 43. Rxh6 Kb4 44. Rd6 c4 45. h4 Ra1 46.
Rd2 Re1 47. Bd5 Kc3 48. Bxc4 Kxd2 49. h5 Re7 50. g4 Kc3 51. Bd5 Kd4 52. Bg8 Ke5
53. Kg3 Rg7 54. f4+ Kd6 55. Bc4 Rc7 56. Bf7 Rxf7 57. h6 Rh7 58. g5 Ke7 59. f5
Kd6 60. Kg4 Ke5 61. f6 Ke6 62. Kh5 Rf7 63. Kg6 Rf8 64. h7 Rc8 65. f7 Ke7 66.
Kg7 Rf8 67. h8=Q Rxh8 68. Kxh8 Kxf7 69. Kh7 a3 70. g6+ Ke7 71. g7 Kd6 72. g8=Q
Kc5 73. Qd8 Kb4 74. Qc7 Kb5 75. Kg6 Ka6 76. Qc6+ Ka5 77. Kf5 Kb4 78. Ke5 Ka5
79. Kd4 Kb4 80. Qc5+ Ka4 81. Qc4+ Ka5 82. Qc5+ Ka4 83. Qc6+ Kb4 84. Qc5+ Ka4
85. Qc4+ Ka5 86. Qb3 1-0

[Event "Open d'Aubagne 2017-2018"]
[Site "Aubagne"]
[Date "2017.09.30"]
[Round "1.27"]
[White "Periale, Francine"]
[Black "Piquemal, Maxence"]
[Result "0-1"]
[WhiteElo "1086"]
[BlackElo "1337"]
[PlyCount "66"]
[EventDate "2017.??.??"]
[WhiteTeam "Cercle d'Echecs Aubagnais"]
[BlackTeam "Marseille Echecs"]

1. d4 Nf6 2. Nf3 g6 3. Bf4 d6 4. h3 Bg7 5. c3 Nbd7 6. e3 O-O 7. Nbd2 b6 8. Bd3
Bb7 9. O-O Re8 10. Re1 e5 11. dxe5 dxe5 12. Bg3 e4 13. Be2 exf3 14. Bxf3 Bxf3
15. Nxf3 Ne4 16. Bh4 Bf6 17. g3 Bxh4 18. Nxh4 Ndc5 19. Qd4 Qxd4 20. exd4 Nd3
21. Re2 Nexf2 22. Rxe8+ Rxe8 23. Kg2 Re2 24. Nf3 Ne4+ 25. Kf1 Rf2+ 26. Kg1 Rxf3
27. Kg2 Rxg3+ 28. Kh2 Re3 29. Rd1 Re2+ 30. Kg1 Re1+ 31. Rxe1 Nxe1 32. d5 Nd3
33. c4 Nxb2 0-1

[Event "Open d'Aubagne 2017-2018"]
[Site "Aubagne"]
[Date "2017.09.30"]
[Round "1.28"]
[White "San-Nicolas, Robert"]
[Black "Bedhouche, Rayan"]
[Result "1-0"]
[WhiteElo "1337"]
[BlackElo "1071"]
[PlyCount "109"]
[EventDate "2017.??.??"]
[WhiteTeam "Cercle d'Echecs Aubagnais"]
[BlackTeam "Marseille Echecs"]

1. d4 d5 2. e4 dxe4 3. Nc3 Nf6 4. f3 exf3 5. Qxf3 Nc6 6. Bb5 Bd7 7. d5 Ne5 8.
Qe2 g6 9. Qxe5 Bg7 10. Qe2 O-O 11. Nf3 Bg4 12. O-O Re8 13. Bxe8 Qxe8 14. Bf4 e6
15. dxe6 Bxe6 16. Bxc7 Qc8 17. Be5 Qc5+ 18. Qf2 Qxf2+ 19. Rxf2 Ng4 20. Re2 Bc4
21. Re4 Be6 22. Bxg7 Kxg7 23. Nb5 Bf5 24. Rc4 Ne3 25. Rc7 a6 26. Nd6 Nxc2 27.
Rc1 Nb4 28. a3 Nd3 29. Rc8 Bxc8 30. Rxc8 Rxc8 31. Nxc8 Nxb2 32. Nb6 f5 33. Kf2
Kf6 34. Ke3 Ke6 35. Kd4 Kd6 36. Nc4+ Nxc4 37. Kxc4 Kc6 38. Kb4 b6 39. Ng5 h6
40. Nf3 a5+ 41. Kc4 b5+ 42. Kd4 Kb6 43. Ne5 g5 44. Nf7 b4 45. axb4 axb4 46. Kc4
Ka5 47. Kb3 Kb5 48. Nxh6 f4 49. h3 Kc5 50. Nf7 Kd5 51. Nxg5 Ke5 52. h4 Kf5 53.
Kxb4 Kg4 54. Kc3 Kg3 55. h5 1-0

[Event "Open d'Aubagne 2017-2018"]
[Site "Aubagne"]
[Date "2017.09.30"]
[Round "1.29"]
[White "Dektiannikov, Artiom"]
[Black "Roche, Alain"]
[Result "0-1"]
[WhiteElo "1053"]
[BlackElo "1330"]
[PlyCount "40"]
[EventDate "2017.??.??"]
[WhiteTeam "Cassis Echecs"]
[BlackTeam "Echiquier Marseillais 1872"]

1. e4 e6 2. Nc3 a5 3. d4 Bb4 4. Nf3 Bxc3+ 5. bxc3 c5 6. Bg5 Ne7 7. Bxe7 Qxe7 8.
e5 O-O 9. Bd3 Na6 10. Bxa6 Rxa6 11. O-O b6 12. g3 Bb7 13. h4 h6 14. g4 Raa8 15.
Rb1 Ba6 16. Re1 b5 17. h5 g5 18. hxg6 fxg6 19. Nd2 h5 20. gxh5 gxh5 0-1

[Event "Open d'Aubagne 2017-2018"]
[Site "Aubagne"]
[Date "2017.09.30"]
[Round "1.30"]
[White "Ulloa, Philippe"]
[Black "Burnel, Marie-France"]
[Result "1-0"]
[WhiteElo "1324"]
[BlackElo "1049"]
[PlyCount "69"]
[EventDate "2017.??.??"]
[WhiteTeam "Cercle d'Echecs Aubagnais"]
[BlackTeam "Cercle d'Echecs Aubagnais"]

1. d4 d5 2. c4 Nf6 3. Nc3 e6 4. Qc2 Nc6 5. Nf3 g6 6. e4 Bg7 7. e5 Nh5 8. cxd5
exd5 9. Be3 Bf5 10. Qb3 Bg4 11. Nd2 Be6 12. Qxb7 Bd7 13. Bb5 O-O 14. Bxc6 Bxc6
15. Qxc6 Re8 16. Nxd5 Re6 17. Qc4 Bf8 18. O-O Ng7 19. Rfc1 Rc8 20. Nb3 Nf5 21.
Nxc7 Nxe3 22. fxe3 Bh6 23. Rc2 Bxe3+ 24. Kh1 Re7 25. Qe2 Bxd4 26. Nxd4 Rcxc7
27. Rxc7 Qxc7 28. Nf3 f6 29. Re1 fxe5 30. Nxe5 Kg7 31. Qe3 Kf6 32. Qf4+ Ke6 33.
Nc6+ Kd7 34. Rxe7+ Kxc6 35. Rxc7+ 1-0

[Event "Open d'Aubagne 2017-2018"]
[Site "Aubagne"]
[Date "2017.09.30"]
[Round "1.31"]
[White "Cortes-Sobral, Maria"]
[Black "Labriaud, Gilles"]
[Result "0-1"]
[WhiteElo "1049"]
[BlackElo "1322"]
[PlyCount "66"]
[EventDate "2017.??.??"]
[WhiteTeam "Club d'Echecs Pennois (CEP)"]
[BlackTeam "La Ciotat Echecs (LCE)"]

1. d3 d6 2. Bd2 e5 3. Nf3 Nf6 4. c3 g6 5. e3 Bg7 6. Be2 O-O 7. O-O Nbd7 8. c4
c5 9. Nc3 b6 10. a3 Bb7 11. Qc2 Re8 12. e4 a6 13. b3 Bc6 14. a4 Rb8 15. Qb2 b5
16. cxb5 axb5 17. axb5 Bxb5 18. Qa3 Qb6 19. Be3 Bc6 20. Qa5 Qxa5 21. Rxa5 Rxb3
22. Bd2 Reb8 23. Bd1 Rb2 24. Bc1 R2b7 25. Ba4 Bxa4 26. Nxa4 Rb3 27. Ra6 Rxd3
28. Nb2 Rdb3 29. Rxd6 Bf8 30. Rc6 Nxe4 31. Nc4 Bg7 32. Rc7 R8b7 33. Rxb7 Rxb7
0-1

[Event "Open d'Aubagne 2017-2018"]
[Site "Aubagne"]
[Date "2017.09.30"]
[Round "1.32"]
[White "Denis, Alexandra"]
[Black "Pignol, Jeanne"]
[Result "1-0"]
[WhiteElo "1307"]
[BlackElo "1040"]
[PlyCount "61"]
[EventDate "2017.??.??"]
[WhiteTeam "Marseille Passion Echecs"]
[BlackTeam "Cercle d'Echecs Aubagnais"]

1. d4 d6 2. Bf4 g6 3. Nf3 Nd7 4. e3 Bg7 5. Bc4 e6 6. Nbd2 Ngf6 7. Bg5 O-O 8.
O-O e5 9. c3 Re8 10. dxe5 Nxe5 11. Nxe5 dxe5 12. Nf3 a6 13. Qxd8 Rxd8 14. Nxe5
Rd6 15. Bxf7+ Kh8 16. Bb3 Be6 17. Nc4 Ne4 18. Nxd6 Nxg5 19. Bxe6 cxd6 20. Bd5
h5 21. Bxb7 Rd8 22. Rad1 a5 23. Rd5 Rd7 24. Bc6 Rd8 25. Rxg5 Bh6 26. Rxg6 Kh7
27. Be4 d5 28. Rd6+ Kg7 29. Rxd8 dxe4 30. Rfd1 Bg5 31. Ra8 1-0

[Event "Open d'Aubagne 2017-2018"]
[Site "Aubagne"]
[Date "2017.09.30"]
[Round "1.33"]
[White "Gianfranceschi, Gerard"]
[Black "Periale, Albert"]
[Result "0-1"]
[WhiteElo "1030"]
[BlackElo "1304"]
[PlyCount "48"]
[EventDate "2017.??.??"]
[WhiteTeam "Cercle d'Echecs Aubagnais"]
[BlackTeam "Cercle d'Echecs Aubagnais"]

1. e4 e5 2. Nc3 Nf6 3. Nf3 Nc6 4. d3 Bc5 5. Be3 Bxe3 6. fxe3 O-O 7. d4 exd4 8.
exd4 d5 9. Bd3 dxe4 10. Nxe4 Re8 11. O-O Nxe4 12. Bc4 Bg4 13. d5 Ne5 14. Qd4
Nxc4 15. Qxc4 Bxf3 16. Rxf3 Nd2 17. Qd3 Nxf3+ 18. Qxf3 Qf6 19. Qd1 Rad8 20. c4
c6 21. Qc1 cxd5 22. cxd5 Qd4+ 23. Kf1 Rxd5 24. Qc2 Rf5+ 0-1

[Event "Open d'Aubagne 2017-2018"]
[Site "Aubagne"]
[Date "2017.09.30"]
[Round "1.34"]
[White "Frontera, Pierre"]
[Black "Salvi, Angele"]
[Result "1-0"]
[WhiteElo "1302"]
[BlackElo "1023"]
[PlyCount "69"]
[EventDate "2017.??.??"]
[WhiteTeam "Cercle d'Echecs Aubagnais"]
[BlackTeam "Cercle d'Echecs Aubagnais"]

1. e3 c5 2. b3 Nc6 3. Bb2 Nf6 4. d3 e6 5. Nd2 Be7 6. g3 O-O 7. Bg2 d5 8. h3 Nb4
9. a3 Na6 10. Ne2 Rb8 11. d4 b6 12. c4 Bb7 13. Qc2 Nc7 14. Rh2 Ne4 15. Nxe4
dxe4 16. Bxe4 Bxe4 17. Qxe4 f5 18. Qd3 Bf6 19. O-O-O Na6 20. Nf4 Qe8 21. g4 g6
22. Re1 Rd8 23. Ne2 Qc6 24. f4 Bg7 25. g5 Qe4 26. Qd2 Qc6 27. h4 Rf7 28. h5
Rfd7 29. h6 Bxd4 30. exd4 Qd6 31. Qe3 Re8 32. Rd1 Nc7 33. Qe5 Qe7 34. d5 exd5
35. Qh8+ 1-0

[Event "Open d'Aubagne 2017-2018"]
[Site "Aubagne"]
[Date "2017.09.30"]
[Round "1.35"]
[White "Belaid, Myriam"]
[Black "Moerenhout, Jean Claude"]
[Result "0-1"]
[WhiteElo "1020"]
[BlackElo "1274"]
[PlyCount "70"]
[EventDate "2017.??.??"]
[WhiteTeam "Club Provence Echecs"]
[BlackTeam "Cercle d'Echecs Aubagnais"]

1. g3 d5 2. Bg2 Nf6 3. e3 Bg4 4. Ne2 e5 5. b3 Bd6 6. d3 Nbd7 7. Nd2 c6 8. Bb2
O-O 9. O-O a5 10. h3 Bh5 11. c4 a4 12. a3 Qb6 13. b4 Rfe8 14. c5 Bxc5 15. bxc5
Qxb2 16. g4 Bg6 17. d4 exd4 18. exd4 Qb5 19. Nf3 Bd3 20. Kh2 Bxe2 21. Rb1 Bxd1
22. Rxb5 cxb5 23. Rxd1 Ne4 24. Re1 Nxf2 25. Rxe8+ Rxe8 26. Kg3 Nd1 27. Kf4 Nf6
28. Ng5 h6 29. Nf3 Re3 30. g5 hxg5+ 31. Kxg5 Rxa3 32. Nh4 Rg3+ 33. Kf5 a3 34.
Bf1 a2 35. Bxb5 a1=Q 0-1

[Event "Open d'Aubagne 2017-2018"]
[Site "Aubagne"]
[Date "2017.09.30"]
[Round "1.36"]
[White "Roux, Jean-Marie"]
[Black "De Laurentis, Pierre"]
[Result "1-0"]
[WhiteElo "1273"]
[BlackElo "1020"]
[PlyCount "61"]
[EventDate "2017.??.??"]
[WhiteTeam "L'Echiquier du Roy René"]
[BlackTeam "Cassis Echecs"]

1. e4 d6 2. Nf3 Nf6 3. Nc3 g6 4. Bc4 Bg7 5. d3 O-O 6. Be3 c5 7. Qd2 Nc6 8. Bh6
b5 9. Bxg7 Kxg7 10. Bb3 Ng4 11. h3 Nf6 12. Nd5 e6 13. Nxf6 Qxf6 14. O-O-O h6
15. Kb1 g5 16. h4 Rd8 17. hxg5 hxg5 18. Nxg5 Kf8 19. Nh7+ Ke7 20. Nxf6 Kxf6 21.
g3 Rg8 22. Rh5 Ke7 23. Rdh1 Kd7 24. Rh7 Nd8 25. Rg1 Rb8 26. f4 Rf8 27. f5 Kc6
28. fxe6 Bxe6 29. Bxe6 Nxe6 30. g4 Rb7 31. g5 1-0

[Event "Open d'Aubagne 2017-2018"]
[Site "Aubagne"]
[Date "2017.09.30"]
[Round "1.37"]
[White "Lognos, Lina"]
[Black "Soulet, Julia"]
[Result "0-1"]
[WhiteElo "1011"]
[BlackElo "1263"]
[PlyCount "88"]
[EventDate "2017.??.??"]
[WhiteTeam "Cercle d'Echecs Aubagnais"]
[BlackTeam "Marseille Echecs"]

1. c4 e5 2. Nc3 Nf6 3. e4 Bc5 4. h3 O-O 5. Nf3 d6 6. Be2 Nbd7 7. O-O Nb6 8. b3
Nh5 9. d4 exd4 10. Nxd4 Qf6 11. Be3 Nf4 12. Bxf4 Qxf4 13. Bf3 Qg5 14. Bg4 Bxg4
15. hxg4 Bxd4 16. Qxd4 Qxg4 17. Rfe1 Rfe8 18. Nb5 Re7 19. Re3 Qe6 20. Rae1 a6
21. Rg3 Qe5 22. Qxe5 dxe5 23. Rd1 axb5 24. cxb5 g6 25. Rd2 Rd7 26. Rxd7 Nxd7
27. a4 Nc5 28. Re3 Rd8 29. f3 Rd3 30. Rxd3 Nxd3 31. Kf1 b6 32. Ke2 Nc5 33. Kd2
Nxb3+ 34. Kc3 Na5 35. Kb4 Kf8 36. Kc3 Ke7 37. Kd3 Ke6 38. Ke3 f5 39. exf5+ gxf5
40. g3 Nc4+ 41. Kd3 Nb2+ 42. Ke3 Nxa4 43. f4 exf4+ 44. Kxf4 Nc3 0-1

[Event "Open d'Aubagne 2017-2018"]
[Site "Aubagne"]
[Date "2017.09.30"]
[Round "1.38"]
[White "Rocchia, Alex"]
[Black "Cayrou, Manon"]
[Result "1-0"]
[WhiteElo "1254"]
[BlackElo "1010"]
[PlyCount "95"]
[EventDate "2017.??.??"]
[WhiteTeam "Cercle d'Echecs Aubagnais"]
[BlackTeam "Cassis Echecs"]

1. e4 e5 2. Nf3 Bd6 3. Bc4 Nf6 4. d3 O-O 5. c3 Nc6 6. b4 a6 7. Nbd2 b5 8. Bb3
a5 9. bxa5 Nxa5 10. Nf1 Bc5 11. Be3 Bxe3 12. Nxe3 Nxb3 13. Qxb3 Bb7 14. Nxe5
Qe8 15. Nf3 c6 16. O-O d5 17. e5 Nd7 18. d4 c5 19. Nxd5 c4 20. Qxb5 Rb8 21.
Qxc4 Rc8 22. Qb3 Bxd5 23. Qxd5 Nb6 24. Qb3 Qc6 25. Rac1 Nd5 26. c4 Nf4 27. Qc2
Qg6 28. Qxg6 hxg6 29. Rc2 Rfd8 30. a4 f6 31. exf6 gxf6 32. Rd1 Re8 33. g3 Ne2+
34. Kf1 Rc7 35. Rxe2 Rce7 36. Rxe7 Rxe7 37. c5 g5 38. c6 Rc7 39. d5 Kf8 40. Rc1
Ke7 41. a5 Kd6 42. a6 Kxd5 43. a7 Rxa7 44. c7 Ra8 45. c8=Q Ra3 46. Qd7+ Ke4 47.
Nd2+ Ke5 48. Rc5# 1-0

[Event "Open d'Aubagne 2017-2018"]
[Site "Aubagne"]
[Date "2017.09.30"]
[Round "1.39"]
[White "Denis, Aurele"]
[Black "Pietrac, Christian"]
[Result "0-1"]
[WhiteElo "1010"]
[BlackElo "1252"]
[PlyCount "36"]
[EventDate "2017.??.??"]
[WhiteTeam "Marseille Passion Echecs"]
[BlackTeam "Club d'Echecs de Miramas"]

1. e4 d6 2. Bc4 Nf6 3. d3 g6 4. b3 Bg7 5. Nc3 c6 6. Bb2 O-O 7. Qd2 b5 8. e5 Ng4
9. f3 Nxe5 10. d4 Nxc4 11. bxc4 bxc4 12. Qg5 d5 13. Qe3 Bf5 14. Ba3 Re8 15. Qe2
Qa5 16. Qd2 Qxa3 17. Qf4 Qxc3+ 18. Kd1 Qxa1+ 0-1

[Event "Open d'Aubagne 2017-2018"]
[Site "Aubagne"]
[Date "2017.09.30"]
[Round "1.40"]
[White "Delaplace, Mathias"]
[Black "Tramarin, Esteban"]
[Result "1-0"]
[WhiteElo "1247"]
[BlackElo "1010"]
[PlyCount "43"]
[EventDate "2017.??.??"]
[WhiteTeam "Marseille Echecs"]
[BlackTeam "Cercle d'Echecs Aubagnais"]

1. e4 e5 2. Nf3 Nc6 3. d4 Nf6 4. Nc3 d5 5. dxe5 Bb4 6. exf6 Qxf6 7. Bd2 O-O 8.
Nxd5 Qd6 9. Bb5 Bc5 10. O-O Bg4 11. Be3 Bxf3 12. Qxf3 Ne5 13. Qg3 Qe6 14. Bxc5
Ng4 15. Bxf8 Rxf8 16. Bc4 Qg6 17. Ne7+ Kh8 18. Nxg6+ fxg6 19. Qxg4 h5 20. Qxg6
Rf7 21. Qxf7 Kh7 22. Qxh5# 1-0

[Event "Open d'Aubagne 2017-2018"]
[Site "Aubagne"]
[Date "2017.09.30"]
[Round "1.41"]
[White "Bhutra, Richard"]
[Black "Autouard, Jean-Luc"]
[Result "0-1"]
[WhiteElo "1009"]
[BlackElo "1244"]
[PlyCount "40"]
[EventDate "2017.??.??"]
[WhiteTeam "Club Provence Echecs"]
[BlackTeam "Cercle d'Echecs Aubagnais"]

1. e4 e6 2. Bc4 d6 3. Nf3 h6 4. Nc3 a6 5. d3 g6 6. Be3 Bg7 7. Qd2 b6 8. O-O-O
Ne7 9. Bd4 Bxd4 10. Nxd4 e5 11. Bd5 c6 12. Bxc6+ Nexc6 13. Nxc6 Nxc6 14. Qe3
Be6 15. Nd5 Bxd5 16. exd5 Nb4 17. Qe4 a5 18. c3 Na6 19. Rhe1 O-O 20. c4 Qc7 0-1

[Event "Open d'Aubagne 2017-2018"]
[Site "Aubagne"]
[Date "2017.09.30"]
[Round "1.42"]
[White "Cayrou, Fabien"]
[Black "Rescanieres, Alice"]
[Result "1-0"]
[WhiteElo "1234"]
[BlackElo "1009"]
[PlyCount "67"]
[EventDate "2017.??.??"]
[WhiteTeam "Cassis Echecs"]
[BlackTeam "La Ciotat Echecs (LCE)"]

1. d4 b6 2. e4 Nc6 3. Nf3 Nf6 4. Nc3 e6 5. Bc4 Be7 6. O-O O-O 7. Bg5 Bb7 8.
Bxf6 Bxf6 9. e5 Be7 10. h3 d5 11. exd6 cxd6 12. a3 d5 13. Bd3 Qd7 14. Ne5 Nxe5
15. dxe5 Rfc8 16. Qh5 h6 17. h4 a5 18. Rad1 d4 19. Ne4 Bxe4 20. Bxe4 b5 21. c3
b4 22. axb4 axb4 23. cxd4 b3 24. d5 exd5 25. Bf5 Qc7 26. Bxc8 Qxc8 27. Rc1 Qa6
28. Rfd1 g6 29. Qxh6 Rc8 30. Rxd5 Rxc1+ 31. Qxc1 Bxh4 32. Qh6 Qa1+ 33. Kh2 Bxf2
34. Rd8# 1-0